Fundamentals of RNA structure and function / (Record no. 47760)

MARC details
000 -LEADER
fixed length control field 00484nam a2200193Ia 4500
005 - DATE AND TIME OF LATEST TRANSACTION
control field 20260122095436.0
008 - FIXED-LENGTH DATA ELEMENTS--GENERAL INFORMATION
fixed length control field 260121s9999||||xx |||||||||||||| ||und||
020 ## - INTERNATIONAL STANDARD BOOK NUMBER
International Standard Book Number 9783030902131
082 ## - DEWEY DECIMAL CLASSIFICATION NUMBER
Classification number 572
Item number GRO
100 ## - MAIN ENTRY--PERSONAL NAME
Personal name Grover, Neena
245 #0 - TITLE STATEMENT
Title Fundamentals of RNA structure and function /
260 ## - PUBLICATION, DISTRIBUTION, ETC. (IMPRINT)
Place of publication, distribution, etc Switzerland :
Name of publisher, distributor, etc Springer,
Date of publication, distribution, etc 2022.
300 ## - PHYSICAL DESCRIPTION
Extent xiii, 246 p.; pbk
650 ## - SUBJECT ADDED ENTRY--TOPICAL TERM
Topical term or geographic name as entry element Function
650 ## - SUBJECT ADDED ENTRY--TOPICAL TERM
Topical term or geographic name as entry element Fundamentals
650 ## - SUBJECT ADDED ENTRY--TOPICAL TERM
Topical term or geographic name as entry element Rna
650 ## - SUBJECT ADDED ENTRY--TOPICAL TERM
Topical term or geographic name as entry element Structure
942 ## - ADDED ENTRY ELEMENTS (KOHA)
Koha item type Text Books
Holdings
Date last seen Total Checkouts Full call number Barcode Price effective from Koha item type Lost status Damaged status Not for loan Collection code Withdrawn status Home library Current library Shelving location Date acquired Source of acquisition
22/01/2026   572 GRO 53499 22/01/2026 Text Books       Non-fiction   CUTN Central Library CUTN Central Library Sciences 22/01/2026 Shanti Books, Chennai - Invoice No. - 1631 on 05-03-2025